01756nam a2200325 4500001000400000003000400004005001700008008004100025020001800066040000800084041001300092082001700105100001500122240004500137245014400182260003400326300001600360490004000376520078700416650002501203650001901228650001701247650001301264650002101277655001201298655001601310700003701326700002701363830004001390270OSt20250528074016.0250313b |||||||j |||| 00| 1 eng d a9788539513260 bPor hengapor a028.5bS879c aStone, Rex aDinosaur Cove: Catching the Speedy Thief aA Caverna dos Dinossauros bCaçada ao velociraptor / cStone, Rex ; tradução de Erica Silveira Campos e ilustração de Mike Spoor aSão PaulobFundamentoc2015 a56 p.bil. 1 aA Caverna dos Dinossauros vLivro 5 aJamie e seu amigo, Tom, estão de volta às fantásticas paisagens do Mundo dos Dinossauros. Assim que eles chegam, dão de cara com pegadas enormes e decidem segui-las. A trilha leva a um grupo de gigantescos dinossauros cobertos por uma carapaça impenetrável e com rabos que parecem uma clava. O Descobridor de Fósseis os identifica como anquilossauros. Os imensos répteis não sabem, mas um filhote se desgarrou do bando e corre grande perigo. O bebê dino está atolado no pântano e afunda rapidamente em um lamaçal fedorento. Por sorte, Jamie e Tom o encontram e vão fazer todo o possível para salvá-lo. Mas, será que a mamãe anquilossauro vai entender que os garotos só querem ajudar? Ou vai atacá-los com sua cauda poderosa? Leia e descubra!  0aLiteratura Americana 0aInfantojuvenil 0aDinossauros  0aAventura 0aGrandes Amizades 0aRomance 0aFicção  aErica Silveira CamposeTRADUTORA aMike SpooreIlustrador aA Caverna dos Dinossauros vLivro 5